00563nam a2200193 a 450000100060000000300090000600800410001502000180005604000280007408200160010210000220011824500420014026000250018230000100020750500810021765000230029865000250032165000230034622764CO-ViMGA141112s2004 ck r 000 u spa d a9788420638898 aCO-ViMGAbspacCO-ViMGA04a843.8 M186h1 aMaupassant, Guyde10aEl horla y otros cuentos maravillosos aEspaña : bAlianza a185p. aSobre el agua, Loco?, El tio judas, La mano, Un loco, El horla, La dormilona14aCUENTOS DE TERROR 14aCUENTOS FANTASTICOS 14aCUENTOS FRANCESES